Gene Kelly Movies - Statistics

General Stats
  • This quiz has been taken 32 times
  • The average score is 8 of 45
Answer Stats
Movies % Correct
Singing in the Rain
100%
An American in Paris
62%
On the Town
62%
Anchors Aweigh
48%
Summer Stock
41%
For Me and My Gal
34%
Les Girls
34%
Xanadu
34%
Brigadoon
31%
That's Entertainment
31%
The Pirate
31%
Take Me Out to the Ball Game
28%
Cover Girl
24%
It's Always Fair Weather
24%
That's Entertainment 2
24%
That's Entertainment 3
24%
That's Dancing
21%
The Three Musketeers
21%
Inherit the Wind
17%
Marjorie Morningstar
17%
Du Barry was a Lady
14%
Invitation to the Dance
14%
What a Way to Go
14%
Hello Dolly
10%
Living in a Big Way
10%
Words and Music
10%
It's a Big Country
7%
The Devil Makes Three
7%
40 Carats
3%
A Guide for the Married Man
3%
Black Hand
3%
Deep in my Heart
3%
Gigot
3%
Love is Better than Ever
3%
Pilot #5
3%
Seagulls Over Sorrento
3%
The Cheyenne Social Club
3%
The Cross of Lorraine
3%
The Happy Road
3%
The Young Girls of Rochefort
3%
A Christmas Holiday
0%
Mickey Mouse's Christmas Carol
0%
Thoasounds Cheer
0%
Tunnel of Love
0%
Viva Knieval
0%
No matching quizzes found
Score Distribution
Percent of People with Each Score
Percentile by Number Answered
Your Score History
You have not taken this quiz